Sports Quiz

Random Sports Quiz
Score 0/14 Timer 05:00
0 Plays Today
% Correct
Romario,Rivaldo,Rivaldo,Ronaldinho or Messi
97.2%
Camp Nou
95.7%
Figo,Ronaldo,Zidane or Cannavaro
94.8%
Cristiano Ronaldo
93.6%
Carles Puyol
86.9%
Estadio Santiago Bernabéu
84.5%
Josep Guardiola
82.9%
% Correct
Iker Casillas
80.9%
José Mourinho
80.7%
Raúl González
69.4%
Nine (1956,57,58,59,60,66,98,2000,2002)
69.2%
Three (1992,2006,2009)
67.7%
Zlatan Ibrahimovic
57.9%
César Rodríguez
13.4%
Remove Ads.
Support Sporcle.
Get the best of Sporcle when you Go Orange. This ad-free experience offers more features, more stats, and more fun while also helping to support Sporcle. Thank you for becoming a member.

You're not logged in!

Compare scores with friends on all Sporcle quizzes.
OR
Log In

Show Comments

Extras

Created Oct 27, 2010ReportNominate
Tags:Barcelona, Madrid

Top Quizzes Today


Score Distribution

Your Account Isn't Verified!

In order to create a playlist on Sporcle, you need to verify the email address you used during registration. Go to your Sporcle Settings to finish the process.

Report this User

Report this user for behavior that violates our Community Guidelines.

Details: